Statistics for Countries in FIBA World Cup 2014

Click here to take the quiz!

General Stats

  • This quiz has been taken 18 times
  • The average score is 17 of 24

Answer Stats

RankCountry% Correct
Champions (1st Place)United States
100%
4th PlaceLithuania
94%
Host (5th Place)Spain
94%
12th PlaceAustralia
88%
6th PlaceBrazil
88%
3rd PlaceFrance
88%
11th PlaceArgentina
81%
9th PlaceGreece
81%
14th PlaceMexico
81%
Runners-Up (2nd Place)Serbia
81%
10th PlaceCroatia
75%
7th PlaceSlovenia
75%
24th PlaceEgypt
69%
15th PlaceNew Zealand
69%
8th PlaceTurkey
69%
20th PlaceIran
63%
23rd PlaceSouth Korea
63%
22nd PlaceFinland
56%
18th PlaceUkraine
56%
17th PlaceAngola
44%
13th PlaceDominican Republic
44%
21st PlacePhilippines
38%
19th PlacePuerto Rico
38%
16th PlaceSenegal
38%

Score Distribution

Percentile by Number Answered

Percent of People with Each Score

Your Score History

You have not taken this quiz